Computer integrated manufacturing / (Record no. 13650)

MARC details
000 -LEADER
fixed length control field 00889nam a22002417a 4500
005 - DATE AND TIME OF LATEST TRANSACTION
control field 20080613162358.0
008 - FIXED-LENGTH DATA ELEMENTS--GENERAL INFORMATION
fixed length control field 080613t xxu||||| |||| 00| 0 eng d
010 ## - LIBRARY OF CONGRESS CONTROL NUMBER
LC control number ENG-90291
020 ## - INTERNATIONAL STANDARD BOOK NUMBER
International Standard Book Number 8120333451
Terms of availability 325.00
035 ## - SYSTEM CONTROL NUMBER
System control number EN-73824
037 ## - SOURCE OF ACQUISITION
Source of stock number/acquisition DBAD / PUB
040 ## - CATALOGING SOURCE
Original cataloging agency DPL
Language of cataloging EN
082 ## - DEWEY DECIMAL CLASSIFICATION NUMBER
Classification number 670.285
100 ## - MAIN ENTRY--PERSONAL NAME
Personal name Alavudeen, A.
245 ## - TITLE STATEMENT
Title Computer integrated manufacturing /
Statement of responsibility, etc by A. Alavudeen [and] N. Venkateshwaran
260 ## - PUBLICATION, DISTRIBUTION, ETC. (IMPRINT)
Place of publication, distribution, etc New Delhi
Name of publisher, distributor, etc Prentice Hall of India
Date of publication, distribution, etc 2008
270 ## - ADDRESS
Address M-97, Connaught Circus,
City New Delhi
Postal code 110001
300 ## - PHYSICAL DESCRIPTION
Extent xix,420p.
Dimensions 24 cm (pbk)
500 ## - GENERAL NOTE
General note Includes glossary & index
700 ## - ADDED ENTRY--PERSONAL NAME
Personal name Venkateshwaran, N.
942 ## - ADDED ENTRY ELEMENTS (KOHA)
Koha item type English Books
Classification part 670.285
Source of classification or shelving scheme Dewey Decimal Classification
Call number suffix ALA
Holdings
Withdrawn status Lost status Damaged status Not for loan Collection code Home library Current library Date acquired Source of acquisition Cost, normal purchase price Total Checkouts Full call number Barcode Date last seen Copy number Cost, replacement price Price effective from Koha item type
      Not For Loan Non-fiction D.B.Act.Division D.B.Act.Division 13/06/2008 DBAD / PUB 325.00   670.285 ALA EN-73824 15/09/2008 1 325.00 15/09/2008 English Books

© Delhi Public Library
Hit Counter
free hit counter